Score 0/15 Timer 02:00
1 Play Today
Clue 4-Letter Word % Correct
This is worn to help broken bones healCAST
98.1%
Bathrooms in BritainLOOS
92.7%
Where chickens are keptCOOP
91.9%
Circular alien message mediumCROP
87.6%
A continuous circuitLOOP
86.6%
Glasgow girl?LASS
84.7%
Physical currencyCASH
84.7%
Feeling of deprivationLOSS
81.2%
Clue 4-Letter Word % Correct
One Horse town of legend?TROY
81%
ExcrementCRAP
80.1%
What one does with a whipLASH
78.6%
Back of an airplane seatTRAY
76.3%
AmbushTRAP
75.2%
1982 film that takes place in cyberspaceTRON
72.2%
First part of Tony Stark's aliasIRON
62.6%

Today's Daily Dose

Missing Word
'T' Pairs

Word Ladder
Game Pieces

Get the Picture
Baseball Movies

Remove Ads.
Support Sporcle.
Get the best of Sporcle when you Go Orange. This ad-free experience offers more features, more stats, and more fun while also helping to support Sporcle. Thank you for becoming a member.

You're not logged in!

Compare scores with friends on all Sporcle quizzes.
OR
Log In

Show Comments

Extras

Top Quizzes Today


Score Distribution

Your Account Isn't Verified!

In order to create a playlist on Sporcle, you need to verify the email address you used during registration. Go to your Sporcle Settings to finish the process.

Report this User

Report this user for behavior that violates our Community Guidelines.

Details: